65th IFLA Council and General Conference August 20-28, 1999 (Record no. 1166)
[ view plain ]
| 000 -LEADER | |
|---|---|
| fixed length control field | 00302nam a22001217a 4500 |
| 008 - FIXED-LENGTH DATA ELEMENTS--GENERAL INFORMATION | |
| fixed length control field | 230619b xxu||||| |||| 00| 0 eng d |
| 082 ## - DEWEY DECIMAL CLASSIFICATION NUMBER | |
| Classification number | 025 |
| Item number | IFLA |
| 110 ## - MAIN ENTRY--CORPORATE NAME | |
| Subordinate unit | IFLA |
| 245 ## - TITLE STATEMENT | |
| Title | 65th IFLA Council and General Conference August 20-28, 1999 |
| Remainder of title | Booklet 5 |
| 260 ## - PUBLICATION, DISTRIBUTION, ETC. (IMPRINT) | |
| Date of publication, distribution, etc. | ` |
| 300 ## - PHYSICAL DESCRIPTION | |
| Extent | 68p |
| 942 ## - ADDED ENTRY ELEMENTS (KOHA) | |
| Source of classification or shelving scheme | Dewey Decimal Classification |
| Koha item type | Books |
| Withdrawn status | Lost status | Source of classification or shelving scheme | Damaged status | Not for loan | Home library | Current library | Date acquired | Total Checkouts | Full call number | Barcode | Date last seen | Price effective from | Koha item type |
|---|---|---|---|---|---|---|---|---|---|---|---|---|---|
| Dewey Decimal Classification | County Hall Archives | County Hall Archives | 06/19/2023 | 025 IFLA | 10014274 | 06/19/2023 | 06/19/2023 | Books |
